ბათუმის შოთა რუსთაველის სახელმწიფო უნივერსიტეტის ბიბლიოთეკა

ეკოლოგია / (ბიბ.ჩანაწერი № 35359)

000 -ლიდერი
ფიქსირებული სიგრძის საკონტროლო ველი 00792nam a2200241Ia 4500
001 - საკონტროლო ნომერი
საკონტროლო ველი 1212
003 - საკონტროლო ნომრის იდენტიფიკატორი
საკონტროლო ველი GE_BSU
005 - ბოლო ოპერაციის თარიღი და დრო
საკონტროლო ველი 20241004103818.0
008 - ფიქსირებული სიგრძის მონაცემთა ელემენტები - ზოგადი ინფორმაცია
ფიქსირებული სიგრძის საკონტროლო ველი 181216s2005||||ge |||||||||||||| ||geo||
010 ## - კონგრესის ბიბლიოთეკის საკონტროლო ნომერი
LC საკონტროლო ნომერი 9994077597
020 ## - წიგნის საერთაშორისო სტანდარტული ნომერი
International Standard Book Number 9994077597
040 ## - კატალოგიზაციის წყარო
Transcribing agency GE_BSU
041 ## - ენის კოდი
Language code of text/sound track or separate title geo
080 ## - უნივერსალური ათობითი კლასიფიკაციის ინდექსი
Universal Decimal Classification number 574 მ-743
100 ## - მთავარი ჩანაწერი - პიროვნების სახელი
Personal name მიქაძე, ირკლი
9 (RLIN) 23316
245 ## - ცნობა სათაურის შესახებ
Title ეკოლოგია /
Statement of responsibility, etc ი. მიქაძე; რედ.: გ. ელიავა.
264 ## - წარმოების, გამოცემის, დისტრიბუციის და სხვა ცნობები
გამოცემის, წარმოების, დისტრიბუციის... ადგილი თბილისი :
გამოცემის, წარმოების, დისტრიბუციის... სახელწოდება საქ-ს ხარისხის მართვის უნ-ტი,
გამოცემის, წარმოების, დისტრიბუციის... თარიღი 2005.
300 ## - ფიზიკური აღწერა
Extent 100 გვ.19 სმ.
653 ## - INDEX TERM--UNCONTROLLED
Uncontrolled term ეკოლოგია
700 ## - ADDED ENTRY--PERSONAL NAME
Personal name ელიავა, გ.
Relator term რედაქტორი
9 (RLIN) 23317
942 ## - ADDED ENTRY ELEMENTS (KOHA)
Koha item type წიგნი
Source of classification or shelving scheme
ეგზემპლარები
ჩამოწერის სტატუსი დაკარგული ეგზემპლარის სტატუსი კლასიფიკაციის წყარო ან თაროზე გაწყობის სქემა დაზიანების სტატუსი არ გაიცემა მუდმივი მდებარეობა (დაცვის ადგილი) ამჟამინდელი ადგილსამყოფელი თაროზე განთავსების ადგილი შეძენის თარიღი ღირებულება, შესყიდვის ნორმალური ფასი სრული შენახვის შიფრი შტრიხკოდი ბოლო ოპერაციის თარიღი ეგზემპლარის მიმდევრობითი ნომერი (კეტერი?) ფასის ძალაში შესვლის თარიღი ეგზემპლარის სახეობა საჯარო შენიშვნა
          აგრარული და მემბრანული ტექნოლოგიების ინსტიტუტის ბიბლიოთეკა აგრარული და მემბრანული ტექნოლოგიების ინსტიტუტის ბიბლიოთეკა წიგნსაცავი 2018-12-17 10.00 574 მ-743 2668 2018-12-17 2668 2018-12-17 წიგნი 10 ლ.